Statistiken für Die größten Inseln der Philippinen

Klicken Sie hier um das Quiz zu spielen!

Allgemein

  • Dieses Quiz wurde 28 mal gespielt
  • Das Durchschnittsergebnis liegt bei 4 aus 11

Antworten auf der Karte

Die Antworten werden auf der Karte rot bzw. grün angezeigt, abhängig davon wie oft sie richtig erraten wurden.
Laden ...
 

Antwortstatistiken

km2Insel% Korrekt
109'965Luzon
100%
97'530Mindanao
70%
12'189Palawan
43%
4'468Cebu
43%
13'075Negros
26%
10'572Mindoro
22%
7'368Leyte
22%
12'849Samar
17%
12'011Panay
17%
3'821Bohol
17%
3'268Masbate
9%

Verteilung der Resultate

Perzentil nach korrekt beantworteten Fragen

Anzahl Personen mit jedem Resultat

Ihre Resultats-Entwicklung

Sie haben dieses Quiz noch nicht gespielt